| 000 | 00546nam a22002057a 4500 | ||
|---|---|---|---|
| 999 |
_c459639 _d459639 |
||
| 001 | 216218696 | ||
| 003 | UA-OsUOA | ||
| 005 | 20200623102550.0 | ||
| 008 | 200623b un ||||| |||| 00| 0 ukr d | ||
| 040 |
_aUA-OsUOA _bukr _cUA-OsUOA _dUA-OsUOA |
||
| 041 | _aukr | ||
| 080 | _a56 | ||
| 090 |
_a56 _bІ-23 |
||
| 100 | _aИвахненко М. Ф | ||
| 245 |
_aЖивое прошлое Земли _cМ. Ф. Ивахненко |
||
| 260 |
_aМосква _bПросвещение _c1987 |
||
| 300 | _a251 с. | ||
| 650 | _256 | ||
| 942 |
_2udc _cBK |
||